000 00638nam a2200253Ia 4500
003 OSt
005 20221005122225.0
006 a|||||r|||| 00| 0
007 ta
008 221004b |||||||| |||| 00| 0 tam d
024 _a48604
037 _cTextual
040 _aCRL
_cCRL
_btam
041 _2tam
_atam
082 _aO31,1M83,4, J6
100 _aKaliyanasundharanar Au.
_9627856
245 0 _aIrulil oli
260 _c1956
300 _a71p.
_ccm.
650 _a TAMIL POETRY
650 _aTAMIL LITERATURE
942 _hO31,1M83,4, J6
_cTEXL
_2cc
999 _c1043656
_d1043656